| 000 | 00920nac a22002771i 4500 | ||
|---|---|---|---|
| 003 | EG-ScBUE | ||
| 005 | 20250309095354.0 | ||
| 008 | 080804s2003 enka f 001 0 eng d | ||
| 020 | _a0415285887 | ||
| 020 | _a9780415285889 | ||
| 040 |
_aEG-ScBUE _beng _erda _cEG-ScBUE _dEG-ScBUE |
||
| 041 | 1 |
_aeng _hger |
|
| 082 | 0 | 4 |
_a530.11 _222 _bEIN |
| 100 | 1 |
_aEinstein, Albert, _d1879-1955, _eauthor. _927839 |
|
| 245 | 1 | 4 |
_aThe meaning of relativity / _cAlbert Einstein ; translated by Edwin Plimpton Adams. |
| 264 | 1 |
_aLondon : _bRoutledge, _c2003. |
|
| 300 |
_a177 pages : _billustrations ; _c19 cm |
||
| 336 |
_2rdacontent _atext _btxt |
||
| 337 |
_aunmediated _2rdamedia _bn |
||
| 338 |
_avolume _bnc _2rdacarrier |
||
| 500 | _aIncludes index. | ||
| 500 | _aIncludes appendix. | ||
| 546 | _aText in English ; translated from the original Germany language. | ||
| 650 | 7 |
_2BUEsh _aRelativity (Physics) |
|
| 942 |
_cBB _2ddc |
||
| 999 |
_c6929 _d6929 |
||